[Event "Managua Arellano Memorial"]
[Site "Managua"]
[Date "2023.08.06"]
[Round "9"]
[White "Valle Alonso, Moises Abraham"]
[Black "Flores, Manuel"]
[Result "1-0"]
[WhiteElo "1767"]
[BlackElo "1824"]
[PlyCount "61"]
[EventDate "2023.07.22"]
[EventType "swiss"]
[EventRounds "9"]
[EventCountry "NCA"]
[SourceTitle "EXT 2024"]
[Source "ChessBase"]
[SourceDate "2023.10.10"]
[SourceVersion "1"]
[SourceVersionDate "2023.10.10"]
[SourceQuality "1"]

1. e4 c5 2. Nf3 Nc6 3. c4 d6 4. d4 cxd4 5. Nxd4 e5 6. Nc2 Be6 7. Be2 Be7 8. Nc3 Bg5 9. 0-0 Bxc1 10. Rxc1 a6 11. Qd2 Qe7 12. Nd5 Qd8 13. Rfd1 Nge7 14. Nxe7 Kxe7 15. c5 Re8 16. b3 Kf8 17. cxd6 Qd7 18. Bc4 b5 19. Bf1 Red8 20. Qe3 Qa7 21. Qg3 f6 22. Nd4 exd4 23. Rxc6 Rd7 24. Rdc1 Rad8 25. e5 f5 26. Bd3 Qa8 27. Qh4 Kg8 28. Qxd4 Ra7 29. Rc7 Rxc7 30. Rxc7 Bd5 31. e6 1-0

[Event "Managua Arellano Memorial"]
[Site "Managua"]
[Date "2023.07.23"]
[Round "3"]
[White "Valle Alonso, Moises Abraham"]
[Black "Allen Montes, Charles Mijail"]
[Result "1-0"]
[WhiteElo "1767"]
[BlackElo "1485"]
[PlyCount "55"]
[EventDate "2023.07.22"]
[EventType "swiss"]
[EventRounds "9"]
[EventCountry "NCA"]
[SourceTitle "EXT 2024"]
[Source "ChessBase"]
[SourceDate "2023.10.10"]
[SourceVersion "1"]
[SourceVersionDate "2023.10.10"]
[SourceQuality "1"]

1. e4 d5 2. exd5 Nf6 3. d4 c6 4. dxc6 Nxc6 5. Bb5 Qd5 6. Bxc6+ Qxc6 7. Qf3 Qxc2 8. Nc3 a6 9. Nge2 Qf5 10. Bf4 e6 11. h3 Bb4 12. 0-0 0-0 13. Ng3 Qa5 14. Be5 Be7 15. a3 Rd8 16. Rfc1 Nd5 17. b4 Qb6 18. Nxd5 Rxd5 19. Nh5 f6 20. Qg3 g6 21. Nxf6+ Bxf6 22. Bxf6 Rf5 23. Be5 Bd7 24. Rc7 Qb5 25. a4 Qd5 26. Rac1 Rd8 27. Qh4 Rdf8 28. Qe7 1-0

[Event "Managua Bayardo Muniz Memorial 5th"]
[Site "Managua"]
[Date "2023.03.10"]
[Round "1"]
[White "Valle Alonso, Moises Abraham"]
[Black "Avilez Sanchez, Ruy Marcelino"]
[Result "1-0"]
[WhiteElo "1838"]
[BlackElo "1477"]
[PlyCount "45"]
[EventDate "2023.03.10"]
[EventType "tourn"]
[EventRounds "9"]
[EventCountry "NCA"]
[SourceTitle "EXT 2024"]
[Source "ChessBase"]
[SourceDate "2023.10.10"]
[SourceVersion "1"]
[SourceVersionDate "2023.10.10"]
[SourceQuality "1"]

1. e4 c5 2. Nf3 g6 3. d4 cxd4 4. Nxd4 Nf6 5. Nc3 Nc6 6. Be3 Bg7 7. Be2 0-0 8. Qd2 Qa5 9. Nb3 Qd8 10. 0-0-0 d6 11. f3 Be6 12. h4 Nh5 13. g4 Ng3 14. h5 Bxc3 15. bxc3 g5 16. Rhg1 Nxe2+ 17. Qxe2 Bxb3 18. axb3 h6 19. f4 f6 20. fxg5 fxg5 21. Qc4+ Kh7 22. e5 Nxe5 23. Qe4+ 1-0

[Event "NCA-chT Final"]
[Site "Managua"]
[Date "2020.10.25"]
[Round "3.4"]
[White "Sanchez, Eneo"]
[Black "Valle Alonso, Moises Abraham"]
[Result "1-0"]
[WhiteElo "1871"]
[BlackElo "1874"]
[PlyCount "55"]
[EventDate "2020.10.24"]
[EventType "team-tourn"]
[EventRounds "11"]
[EventCountry "NCA"]
[SourceTitle "EXT 2022"]
[Source "ChessBase"]
[SourceDate "2021.10.06"]
[SourceVersion "1"]
[SourceVersionDate "2021.10.06"]
[SourceQuality "1"]

1. c4 g6 2. Nc3 Bg7 3. Nf3 Nf6 4. g3 0-0 5. Bg2 c6 6. 0-0 d5 7. cxd5 cxd5 8. e3 Nc6 9. d4 Rb8 10. a3 b5 11. b4 a5 12. Qb3 a4 13. Qd1 Qc7 14. Bb2 Bg4 15. h3 Bf5 16. Rc1 Ne4 17. Nxd5 Qd6 18. Nc3 Nxc3 19. Rxc3 Be4 20. Rc5 e6 21. Qe2 Na7 22. Rfc1 f6 23. Ne5 Bd5 24. Bxd5 fxe5 25. dxe5 Bxe5 26. Bxe6+ Qxe6 27. Rxe5 Qd6 28. Rd1 1-0